000
00222nam a2200121Ia 4500
100
_a
#N/A
650
_a
Computer/ IT
942
_c
BK
654
_a
digit
245
_a
Dual layer DVD
260
_b
#N/A
546
_a
ENGLISH
999
_c
21794
_d
21794